000 01262nam a2200397 i 4500
001 46617
003 ES-MaCES
005 20151105143403.0
008 151103s2015 sp 000 ||spa d
017 _aM 21089-2015
_bDL
020 _a9788484405993
040 _aES-MaCES
_bspa
_cES-MaCES
245 0 0 _aPobreza, privación y desigualdad en el ámbito rural
_c[Equipo de Estudios de Cáritas Española (coord.)]
260 _aMadrid
_bFundación FOESSA
260 _bCáritas
_c2015
300 _a167 p.
_bgráf., mapas bl. y n.
_c24 cm
490 1 _aColección de estudios
_v38
504 _aBibliografía
541 0 _cCompra
650 4 _azona rural
_928605
650 4 _apoblación rural
_928609
650 4 _acondiciones de vida
_927111
650 4 _apobreza
_927112
650 4 _aexclusión social
_930629
650 4 _adesigualdad regional
_929372
650 4 _adesigualdad social
_930789
650 4 _aEspaña
_926964
650 4 _a2001-2013
_936169
650 4 _acuadros estadísticos
_928890
653 1 0 _aAsuntos Sociales
710 2 _aCáritas Española
_91740
710 2 _aFundación FOESSA
_eed.
_93823
830 0 _aColección de estudios (Fundación FOESSA)
_v38
_933044
902 _aLIB Libro
942 _2CES
_cBK
_h3.3.
999 _c46617
_d46617